Estudios religiosos, filosóficos, científicos y sociales / (Registro nro. 154524)

Detalles MARC
000 -LEADER
campo de control de longitud fija 00776nam a2200193 i 4500
001 - NÚMERO DE CONTROL
campo de control 154524
003 - IDENTIFICADOR DE NÚMERO DE CONTROL
campo de control ES-MaACL
005 - FECHA Y HORA DE LA ÚLTIMA TRANSACCIÓN
campo de control 20250816063142.0
008 - DATOS DE LONGITUD FIJA--INFORMACIÓN GENERAL
campo de control de longitud fija 931025s1873 sp |||| | spa d
100 1# - ENTRADA PRINCIPAL--NOMBRE DE PERSONA
Nombre de persona González y Díaz Tuñón, Ceferino,
Fechas asociadas al nombre 1831-1894
9 (RLIN) 149958
245 10 - MENCIÓN DEL TÍTULO
Título Estudios religiosos, filosóficos, científicos y sociales /
Mención de responsabilidad, etc. por Zeferino González.
260 ## - PUBLICACIÓN, DISTRIBUCIÓN, ETC.
Lugar de publicación, distribución, etc. Madrid :
Nombre del editor, distribuidor, etc. [s.n.],
Fecha de publicación, distribución, etc. 1873 (
Fabricante Imprenta de Policarpo López)
300 ## - DESCRIPCIÓN FÍSICA
Extensión 2 v.(XXXIX, 348; 415) ;
Dimensiones 22 cm.
505 8# - NOTA DE CONTENIDO CON FORMATO
Nota de contenido con formato Vol. I: La filosofía de la historia. La inmortalidad del alma y sus destinos. El positivismo materialista
597 ## - NOTA DE DESCRIPCIÓN FÍSICA
NOTA DE DESCRIPCIÓN FÍSICA Port. con esc. lit.
650 #7 - PUNTO DE ACCESO ADICIONAL DE MATERIA--TÉRMINO DE MATERIA
Término de materia o nombre geográfico como elemento de entrada Religión y ciencia
Fuente del encabezamiento o término embne
9 (RLIN) 16806
852 ## - LOCALIZACIÓN
Ubicación ES-MaACL
Número de control de estantería F-7902-03
Nota libre -- Rúst.
Existencias
Estatus retirado Estado de pérdida Estado de daño No para préstamo Colección Biblioteca de origen Biblioteca actual Ubicación en estantería Fecha de adquisición Total de préstamos Signatura topográfica completa Código de barras Visto por última vez Precio de reemplazo Tipo de ítem Koha
        Libros del s. XIX Biblioteca del Ateneo de Madrid Biblioteca del Ateneo de Madrid Sala Pecera Planta 2 17/01/2008   F-7902-03 1161605 23/02/2023 23/02/2023 Libro impreso antiguo